Manažment v medzinárodnom obchode s investičnými celkami diplomová práca

Enregistré dans:
Détails bibliographiques
Auteur principal: Lysáková, Svetlana
Collectivité auteur: Obchodná fakulta EU. Katedra medzinárodného obchodu
Autres auteurs: Pullmanová, Terézia, 1953-
Format: Livre
Langue:slovaque
Publié: Bratislava 2011
Tags: Ajouter un tag
Pas de tags, Soyez le premier à ajouter un tag!

MARC

LEADER 00000nam a2200000 4500
001 0147742
005 20240318124742.0
041 0 |a slo 
044 |a SK 
245 1 0 |a Manažment v medzinárodnom obchode s investičnými celkami  |b diplomová práca  |c Svetlana Lysáková ; školiteľ: Terézia Pullmanová 
264 1 |a Bratislava  |c 2011 
300 |a 70 s. 
100 1 |a Lysáková, Svetlana 
700 1 |a Pullmanová, Terézia, 1953- 
710 2 |a Obchodná fakulta EU. Katedra medzinárodného obchodu